000 00599nam a2200205 i 4500
001 93149
003 ES-MaACL
005 20230906181132.0
007 t|
008 050408s1965 sp ||||1| spa d
100 1 _aLondoño, Carlos Mario.
_973221
245 1 0 _aEconomía agraria colombiana /
_cCarlos Mario Londoño.
260 _aMadrid :
_bRialp,
_c1965.
300 _a226 p. ;
_c24 cm.
490 1 _aHombre y Sociedad ;
_v12
650 4 _aAgricultura-
_zColombia.
_9160762
830 0 _aHombre y Sociedad ;
_v12
_9182556
852 _aES-MaACL
_jC-28719
_bR.58239
999 _c93149
_d93149